Numerical schemes in image processing

Guardado en:
Detalles Bibliográficos
Autor principal: Krivá, Zuzana, 1962- (Autor)
Formato: Libro
Lenguaje:eslovaco
Publicado: Bratislava : STU v Bratislave SvF, 2011
Colección:Edícia vedeckých prác Zošit č.97
Materias:
Etiquetas: Agregar Etiqueta
Sin Etiquetas, Sea el primero en etiquetar este registro!

MARC

LEADER 00000nam a22000003a 4500
001 stu224777
005 20220317190010.2
008 110502s2011----xo------------------slo-d
020 |a 978-80-227-3452-3 
040 |a STU  |b slo 
041 0 |a slo 
044 |a xo 
100 1 |a Krivá, Zuzana,  |d 1962-  |4 aut  |u V220  |9 100  |U SvF Stavebná fakulta  |T SvF Katedra matematiky a deskriptívnej geometrie  |X 796  |U V220  |Y 23  |7 A000000796 
245 1 |a Numerical schemes in image processing 
260 |a Bratislava :  |b STU v Bratislave SvF,  |c 2011 
300 |a 81 s 
650 7 |a nonlinear diffusion filtering  |2 estusub 
650 7 |a partial differential equations  |2 estusub 
650 7 |a image processing  |2 estusub 
650 7 |a finite volume method  |2 estusub 
830 0 |a Edícia vedeckých prác  |v Zošit č.97 
996 |b 284V034127  |c V*2832/HP-172d  |l VVS  |s A  |a 24  |w stu224777_0001 
996 |b 284V034126  |c V*2831/HP-172c  |l VVS  |s A  |a 24  |w stu224777_0002 
996 |b 284V034125  |c V*2830/HP-172b  |l VVS  |s A  |a 24  |w stu224777_0003 
996 |b 284V034124  |c V*2829/HP-172a  |l VVS  |s A  |a 24  |w stu224777_0004 
996 |b 284V034123  |c V*2828/HP-172  |l VVS  |s P  |a 0  |w stu224777_0005